Emerson and Asia /

Bibliographic Details
Main Author: Carpenter, Frederic Ives, 1903-1991
Format: Book
Language:English
Published: Cambridge : Harvard University Press, 1930.
Subjects:

MARC

Tag First Indicator Second Indicator Subfields
LEADER 00000cam a2200000 4500
001 in00000032825
005 20151007063230.0
008 741114s1930 mau b 00010 eng u
010 |a  30014964  
035 |a (OCoLC)01076207 
035 |9 AAD6870AM 
040 |c HEI  |d TXA  |d UtOrBLW 
049 |a TXAM  |c [122386] 
050 0 |a PS1642.A7  |b C3 
082 0 |a 814.36 
092 |a 814  |b E53Yca 
100 1 |a Carpenter, Frederic Ives,  |d 1903-1991. 
245 1 0 |a Emerson and Asia /  |c by Frederic Ives Carpenter. 
264 1 |a Cambridge :  |b Harvard University Press,  |c 1930. 
300 |a xiii, 282 pages ;  |c 20 cm. 
336 |a text  |b txt  |2 rdacontent 
337 |a unmediated  |b n  |2 rdamedia 
338 |a volume  |b nc  |2 rdacarrier 
504 |a Bibliography: pages [265]-267. 
600 1 0 |a Emerson, Ralph Waldo,  |d 1803-1882. 
650 0 |a Comparative literature  |x Oriental and American. 
650 0 |a Comparative literature  |x American and Oriental. 
999 |a MARS 
999 f f |s 6ddf687f-d5b1-3451-af12-9f8515627e27  |i df6b3f78-09bf-314a-8d3d-ef7ee4dc26bd  |t 0 
952 f f |p ric  |a Texas A&M University  |b Rellis Campus  |c Joint Library Facility  |d Remote Storage  |t 0  |e PS1642.A7 C3  |h Library of Congress classification  |i unmediated -- volume  |m A14801257885 
998 f f |a PS1642.A7 C3  |t 0  |l Remote Storage